Parenting without guilt : the predictable and situational misbehaviors of childhood /

Bibliographic Details
Main Author: West, G. Kenneth
Format: Book
Language:English
Published: Springfield, Ill., U.S.A. : Thomas, [1986]
Subjects:

MARC

Tag First Indicator Second Indicator Subfields
LEADER 00000cam a2200000 a 4500
001 in00000017915
005 20151007053109.0
008 860501s1986 ilua b 00110 eng d
010 |a  86005948  
020 |a 0398052670 
035 |a (OCoLC)13581952 
035 |9 AAB0393AM 
040 |a DNLM/DLC  |c DLC  |d m/c  |d TXA  |d UtOrBLW 
049 |a TXAM  |c [A11058063] 
050 0 0 |a HQ770.4  |b .W47 1986 
060 0 |a WS 350.6 W517p 
082 0 |a 649/.64  |2 19 
100 1 |a West, G. Kenneth. 
245 1 0 |a Parenting without guilt :  |b the predictable and situational misbehaviors of childhood /  |c by G. Kenneth West. 
264 1 |a Springfield, Ill., U.S.A. :  |b Thomas,  |c [1986] 
264 4 |c ©1986 
300 |a xiii, 275 pages :  |b illustrations ;  |c 27 cm. 
336 |a text  |b txt  |2 rdacontent 
337 |a unmediated  |b n  |2 rdamedia 
338 |a volume  |b nc  |2 rdacarrier 
504 |a Includes bibliographies and index. 
650 0 |a Discipline of children. 
650 0 |a Child psychology. 
650 0 |a Child rearing. 
999 |a MARS 
999 f f |s d14d3b85-8805-3551-932b-2d8932c0b1f5  |i b4d51332-b155-371b-8c81-4e94891baa31  |t 0 
952 f f |p ric  |a Texas A&M University  |b Rellis Campus  |c Joint Library Facility  |d Remote Storage  |t 0  |e HQ770.4 .W47 1986  |h Library of Congress classification  |i unmediated -- volume  |m A14811058063 
998 f f |a HQ770.4 .W47 1986  |t 0  |l Remote Storage